000 00335 a2200157 4500
001 179875
020 _a
040 _cMagnum
100 _aLemarie, Joseph
240 1 0 _aA manifestacao do senhor
_lpor
245 1 0 _aA manifestacao do senhor
362 0 _a1899
440 1 _aPaulinas
697 _aMAGNITO: RELIGIAO
942 _cBK
999 _c179875
_d179875